[Event "European Online Club-ch-F 2021"]
[Site "Online"]
[Date "2021.03.27"]
[Round "3.10"]
[White "Katkov, Michelle"]
[Black "Zwardon, Vojtech"]
[Result "0-1"]
[WhiteElo "2078"]
[BlackElo "2466"]
[Annotator "ChessBase"]
[PlyCount "102"]
[EventDate "2021.03.27"]
[EventType "team-tourn"]
[EventCountry "NET"]
[SourceTitle "playchess.com"]
[Source "ChessBase"]
[SourceQuality "1"]
[TimeControl "900+5"]

1. e4 {[%emt 0:00:00]} c5 {[%emt 0:00:02]} 2. c3 {[%emt 0:00:04]} Nf6 {[%emt 0:00:02]} 3. e5 {[%emt 0:00:01]} Nd5 {[%emt 0:00:02]} 4. d4 {[%emt 0:00:03]} cxd4 {[%emt 0:00:00]} 5. cxd4 {[%emt 0:00:02]} d6 {[%emt 0:00:03]} 6. Nf3 {[%emt 0:00:01]} Nc6 {[%emt 0:00:02]} 7. Bc4 {[%emt 0:00:03]} Be6 {[%emt 0:00:01]} 8. Qb3 {[%emt 0:00:24]} dxe5 {[%emt 0:00:07]} 9. Qxb7 {[%emt 0:00:19]} Qc8 {[%emt 0:01:39]} 10. Qxc8+ {[%emt 0:02:19]} Rxc8 {[%emt 0:00:00]} 11. Bb5 {[%emt 0:00:36]} Bd7 {[%emt 0:00:38]} 12. O-O {[%emt 0:00:20]} e4 {[%emt 0:00:16]} 13. Bxc6 {[%emt 0:00:05]} Rxc6 {[%emt 0:00:07]} 14. Ne5 {[%emt 0:00:05]} Rc2 {[%emt 0:00:12]} 15. Na3 {[%emt 0:00:07]} Rc8 {[%emt 0:00:05]} 16. Re1 {[%emt 0:00:59]} Bf5 {[%emt 0:00:04]} 17. g4 {[%emt 0:00:11]} Bg6 {[%emt 0:00:04]} 18. Nxg6 {[%emt 0:00:06]} hxg6 {[%emt 0:00:00]} 19. Rxe4 {[%emt 0:00:02]} Nf6 {[%emt 0:00:01]} 20. Re2 {[%emt 0:00:15]} Nxg4 {[%emt 0:00:07]} 21. f3 {[%emt 0:00:03]} Nf6 {[%emt 0:00:04]} 22. Bg5 {[%emt 0:00:14]} Nd5 {[%emt 0:00:02]} 23. Re5 {[%emt 0:00:23]} e6 {[%emt 0:00:04]} 24. Rae1 {[%emt 0:00:09]} Kd7 {[%emt 0:00:03]} 25. Bd2 {[%emt 0:00:31]} Bxa3 {[%emt 0:00:17]} 26. bxa3 {[%emt 0:00:02]} Rc2 {[%emt 0:00:01]} 27. R1e2 {[%emt 0:00:10]} Rxa2 {[%emt 0:00:02]} 28. Bb4 {[%emt 0:00:07]} Ra1+ {[%emt 0:00:23]} 29. Re1 {[%emt 0:00:14]} Rxe1+ {[%emt 0:00:02]} 30. Rxe1 {[%emt 0:00:09]} Rc8 {[%emt 0:00:00]} 31. Bc5 {[%emt 0:00:04]} a6 {[%emt 0:00:10]} 32. Rb1 {[%emt 0:00:05]} Kc6 {[%emt 0:00:03]} 33. Kf2 {[%emt 0:00:09]} g5 {[%emt 0:01:52]} 34. Rc1 {[%emt 0:00:13]} Rh8 {[%emt 0:00:16]} 35. Kg3 {[%emt 0:00:15]} Nf4 {[%emt 0:00:03]} 36. Rc2 {[%emt 0:01:03]} Kd5 {[%emt 0:00:22]} 37. Be7 {[%emt 0:00:24]} f6 {[%emt 0:00:10]} 38. h4 {[%emt 0:01:21]} Rxh4 {[%emt 0:00:08]} 39. Rc7 {[%emt 0:00:07]} Kxd4 {[%emt 0:00:27]} 40. Bc5+ {[%emt 0:00:05]} Kd5 {[%emt 0:00:02]} 41. Be3 {[%emt 0:00:16]} Rh3+ {[%emt 0:00:26]} 42. Kf2 {[%emt 0:00:03]} Rh2+ {[%emt 0:00:01]} 43. Kg1 {[%emt 0:00:02]} Ra2 {[%emt 0:00:09]} 44. Rd7+ {[%emt 0:00:10]} Kc6 {[%emt 0:00:09]} 45. Rxg7 {[%emt 0:00:03]} Nd5 {[%emt 0:00:04]} 46. Bd4 {[%emt 0:00:17]} Rxa3 {[%emt 0:00:02]} 47. Kf2 {[%emt 0:00:06]} e5 {[%emt 0:00:01]} 48. Ba7 {[%emt 0:00:06]} Ra2+ {[%emt 0:00:03]} 49. Kg3 {[%emt 0:00:03]} Kd6 {[%emt 0:00:07]} 50. Bb8+ {[%emt 0:00:05]} Ke6 {[%emt 0:00:01]} 51. Ra7 {[%emt 0:00:07]} Nf4 {[%emt 0:00:03]} 0-1

[Event "European Online Club-ch-F 2021"]
[Site "Online"]
[Date "2021.03.27"]
[Round "3.11"]
[White "Druska, Juraj"]
[Black "Stolyarsky, Yegor"]
[Result "1/2-1/2"]
[WhiteElo "2495"]
[BlackElo "2063"]
[Annotator "ChessBase"]
[PlyCount "81"]
[EventDate "2021.03.27"]
[EventType "team-tourn"]
[EventCountry "NET"]
[SourceTitle "playchess.com"]
[Source "ChessBase"]
[SourceQuality "1"]
[TimeControl "900+5"]

1. d4 {[%emt 0:00:00]} Nf6 {[%emt 0:00:04]} 2. Bg5 {[%emt 0:00:02]} g6 {[%emt 0:00:02]} 3. Bxf6 {[%emt 0:00:01]} exf6 {[%emt 0:00:00]} 4. g3 {[%emt 0:00:01]} f5 {[%emt 0:00:03]} 5. e3 {[%emt 0:00:03]} d5 {[%emt 0:00:01]} 6. c4 {[%emt 0:00:02]} Bg7 {[%emt 0:00:08]} 7. Nc3 {[%emt 0:00:10]} dxc4 {[%emt 0:00:05]} 8. Qa4+ {[%emt 0:01:29]} c6 {[%emt 0:00:19]} 9. Qxc4 {[%emt 0:00:04]} O-O {[%emt 0:00:01]} 10. Bg2 {[%emt 0:00:06]} h5 {[%emt 0:00:05]} 11. h4 {[%emt 0:00:04]} Nd7 {[%emt 0:00:05]} 12. Nge2 {[%emt 0:00:37]} Nf6 {[%emt 0:00:03]} 13. Nf4 {[%emt 0:00:06]} Kh7 {[%emt 0:00:11]} 14. O-O {[%emt 0:00:24]} Ng4 {[%emt 0:00:07]} 15. Rfd1 {[%emt 0:01:35]} g5 {[%emt 0:00:42]} 16. hxg5 {[%emt 0:01:48]} Qxg5 {[%emt 0:00:00]} 17. Nce2 {[%emt 0:04:01]} h4 {[%emt 0:00:06]} 18. Qb3 {[%emt 0:00:40]} hxg3 {[%emt 0:00:32]} 19. Nxg3 {[%emt 0:00:00]} Be6 {[%emt 0:00:14]} 20. Nxe6 {[%emt 0:00:32]} fxe6 {[%emt 0:00:00]} 21. Qxe6 {[%emt 0:00:01]} Rae8 {[%emt 0:00:08]} 22. Qb3 {[%emt 0:00:37]} Nxe3 {[%emt 0:00:08]} 23. Rd3 {[%emt 0:00:34]} Nxg2 {[%emt 0:00:26]} 24. Kxg2 {[%emt 0:00:00]} f4 {[%emt 0:00:01]} 25. Rh1+ {[%emt 0:00:04]} Bh6 {[%emt 0:00:25]} 26. Qxb7+ {[%emt 0:01:22]} Re7 {[%emt 0:00:10]} 27. Qxc6 {[%emt 0:00:11]} Rf6 {[%emt 0:00:39]} 28. Qc2 {[%emt 0:01:15]} Qg6 {[%emt 0:00:02]} 29. Rc3 {[%emt 0:00:20]} Qxc2 {[%emt 0:00:26]} 30. Rxc2 {[%emt 0:00:02]} fxg3 {[%emt 0:00:04]} 31. fxg3 {[%emt 0:00:02]} Rd6 {[%emt 0:00:09]} 32. d5 {[%emt 0:00:17]} Rxd5 {[%emt 0:00:17]} 33. Rc6 {[%emt 0:01:00]} Rd2+ {[%emt 0:00:03]} 34. Kf3 {[%emt 0:00:03]} Re3+ {[%emt 0:00:06]} 35. Kg4 {[%emt 0:00:02]} Rd4+ {[%emt 0:00:08]} 36. Kf5 {[%emt 0:00:01]} Rd5+ {[%emt 0:00:27]} 37. Kg4 {[%emt 0:00:02]} Re4+ {[%emt 0:03:56]} 38. Kf3 {[%emt 0:00:04]} Re3+ {[%emt 0:00:02]} 39. Kg4 {[%emt 0:00:02]} Rd4+ {[%emt 0:00:01]} 40. Kf5 {[%emt 0:00:04]} Rd5+ {[%emt 0:00:11]} 41. Kg4 {[%emt 0:00:03]} 1/2-1/2

[Event "European Online Club-ch-F 2021"]
[Site "Online"]
[Date "2021.03.27"]
[Round "3.12"]
[White "Gleizer, Adar"]
[Black "Jablonicky, Martin"]
[Result "0-1"]
[WhiteElo "1833"]
[BlackElo "2298"]
[Annotator "NA"]
[PlyCount "60"]
[EventDate "2021.03.27"]
[EventType "team-tourn"]
[EventCountry "NET"]
[SourceTitle "playchess.com"]
[Source "ChessBase"]
[SourceQuality "1"]
[TimeControl "900+5"]

1. e4 {[%emt 0:00:00]} Nf6 {[%emt 0:00:05]} 2. Nc3 {[%emt 0:00:22]} e5 {[%emt 0:00:07]} 3. Bc4 {[%emt 0:00:05]} c6 {[%emt 0:00:07]} 4. d3 {[%emt 0:00:20]} d5 {[%emt 0:00:05]} 5. Bb3 {[%emt 0:00:02]} Bd6 {[%emt 0:01:30]} 6. exd5 {[%emt 0:00:26]} cxd5 {[%emt 0:00:04]} 7. Bxd5 {[%emt 0:00:08]} Nxd5 {[%emt 0:00:25]} 8. Nxd5 {[%emt 0:00:02]} Be6 {[%emt 0:00:02]} 9. Nc3 {[%emt 0:00:12]} O-O {[%emt 0:00:09]} 10. Nf3 {[%emt 0:00:25]} Nc6 {[%emt 0:00:10]} 11. Be3 {[%emt 0:00:12]} Rc8 {[%emt 0:00:31]} 12. Qe2 {[%emt 0:00:57]} Re8 {[%emt 0:00:21]} 13. O-O {[%emt 0:01:00]} Bg4 {[%emt 0:01:46]} 14. h3 {[%emt 0:00:09]} Nd4 {[%emt 0:00:51]} 15. Bxd4 {[%emt 0:00:41]} exd4 {[%emt 0:00:18]} 16. Ne4 {[%emt 0:00:02]} Bh5 {[%emt 0:00:43]} 17. Qd2 {[%emt 0:01:54]} Bxf3 {[%emt 0:00:29]} 18. gxf3 {[%emt 0:00:02]} Re6 {[%emt 0:00:30]} 19. Ng3 {[%emt 0:01:15]} Qh4 {[%emt 0:00:28]} 20. Kg2 {[%emt 0:00:15]} Rg6 {[%emt 0:00:13]} 21. Qe1 {[%emt 0:00:08]} Rxg3+ {[%emt 0:00:40]} 22. fxg3 {[%emt 0:00:09]} Rxc2+ {[%emt 0:00:02]} 23. Kg1 {[%emt 0:00:10]} Qxh3 {[%emt 0:00:11]} 24. Rf2 {[%emt 0:00:41]} Qxg3+ {[%emt 0:00:03]} 25. Kf1 {[%emt 0:00:06]} Qh3+ {[%emt 0:00:02]} 26. Kg1 {[%emt 0:00:04]} Bh2+ {[%emt 0:00:02]} 27. Kh1 {[%emt 0:00:37]} Bg3+ {[%emt 0:00:05]} 28. Kg1 {[%emt 0:00:12]} Bxf2+ {[%emt 0:00:02]} 29. Qxf2 {[%emt 0:00:04]} Rxf2 {[%emt 0:00:03]} 30. Kxf2 {[%emt 0:00:01]} Qh2+ {[%emt 0:00:01]} 0-1

[Event "European Online Club-ch-F 2021"]
[Site "Online"]
[Date "2021.03.27"]
[Round "3.13"]
[White "Gokerkan, Cem Kaan"]
[Black "Isik, Alparslan"]
[Result "1/2-1/2"]
[WhiteElo "2470"]
[BlackElo "2321"]
[Annotator "ChessBase"]
[PlyCount "184"]
[EventDate "2021.03.27"]
[EventType "team-tourn"]
[EventCountry "NET"]
[SourceTitle "playchess.com"]
[Source "ChessBase"]
[SourceQuality "1"]
[TimeControl "900+5"]

1. e4 {[%emt 0:00:00]} c5 {[%emt 0:00:04]} 2. c3 {[%emt 0:00:18]} d5 {[%emt 0:00:06]} 3. exd5 {[%emt 0:00:01]} Qxd5 {[%emt 0:00:01]} 4. d4 {[%emt 0:00:01]} g6 {[%emt 0:00:01]} 5. Nf3 {[%emt 0:00:04]} Bg7 {[%emt 0:00:02]} 6. dxc5 {[%emt 0:00:31]} Qxd1+ {[%emt 0:00:45]} 7. Kxd1 {[%emt 0:00:01]} Nf6 {[%emt 0:00:16]} 8. Bd3 {[%emt 0:02:46]} a5 {[%emt 0:01:54]} 9. Re1 {[%emt 0:01:10]} Nbd7 {[%emt 0:00:37]} 10. Be3 {[%emt 0:02:44]} Ng4 {[%emt 0:00:57]} 11. Nbd2 {[%emt 0:01:59]} Nxe3+ {[%emt 0:00:09]} 12. Rxe3 {[%emt 0:00:01]} Nxc5 {[%emt 0:00:06]} 13. Bb5+ {[%emt 0:00:04]} Bd7 {[%emt 0:00:01]} 14. Bxd7+ {[%emt 0:00:03]} Nxd7 {[%emt 0:00:16]} 15. Kc2 {[%emt 0:01:28]} e6 {[%emt 0:00:59]} 16. Rd1 {[%emt 0:00:04]} Ke7 {[%emt 0:00:15]} 17. Ne4 {[%emt 0:01:48]} Nf6 {[%emt 0:00:53]} 18. Nd6 {[%emt 0:00:59]} Rhd8 {[%emt 0:00:44]} 19. Nxb7 {[%emt 0:00:47]} Rxd1 {[%emt 0:00:03]} 20. Kxd1 {[%emt 0:00:01]} Rb8 {[%emt 0:00:30]} 21. Nxa5 {[%emt 0:00:11]} Rxb2 {[%emt 0:00:03]} 22. Re2 {[%emt 0:00:08]} Rxe2 {[%emt 0:00:46]} 23. Kxe2 {[%emt 0:00:01]} Nd5 {[%emt 0:00:01]} 24. Nc6+ {[%emt 0:00:53]} Kd6 {[%emt 0:00:20]} 25. Nb4 {[%emt 0:00:01]} Nxc3+ {[%emt 0:00:43]} 26. Kd3 {[%emt 0:00:03]} Kc5 {[%emt 0:03:36]} 27. a3 {[%emt 0:00:05]} Nd1 {[%emt 0:00:38]} 28. Ke2 {[%emt 0:00:04]} Nc3+ {[%emt 0:00:04]} 29. Kd3 {[%emt 0:00:02]} Nd1 {[%emt 0:00:09]} 30. Ng5 {[%emt 0:00:49]} Nxf2+ {[%emt 0:00:11]} 31. Ke2 {[%emt 0:00:06]} Ng4 {[%emt 0:00:10]} 32. Nxf7 {[%emt 0:00:03]} Nxh2 {[%emt 0:01:22]} 33. Ng5 {[%emt 0:00:02]} Kc4 {[%emt 0:00:30]} 34. Nxh7 {[%emt 0:00:19]} Bb2 {[%emt 0:00:04]} 35. Nc2 {[%emt 0:00:06]} Kc3 {[%emt 0:00:11]} 36. Kd1 {[%emt 0:00:02]} Ng4 {[%emt 0:00:05]} 37. a4 {[%emt 0:00:06]} Kd3 {[%emt 0:00:26]} 38. Ne1+ {[%emt 0:00:08]} Kc4 {[%emt 0:00:05]} 39. Nf8 {[%emt 0:00:07]} Bc3 {[%emt 0:00:06]} 40. Nxe6 {[%emt 0:00:07]} Kb4 {[%emt 0:00:04]} 41. g3 {[%emt 0:00:04]} Kxa4 {[%emt 0:00:04]} 42. Nd3 {[%emt 0:00:01]} Kb5 {[%emt 0:00:04]} 43. Ke2 {[%emt 0:00:01]} Kc6 {[%emt 0:00:05]} 44. Kf3 {[%emt 0:00:07]} Ne5+ {[%emt 0:00:03]} 45. Nxe5+ {[%emt 0:00:01]} Bxe5 {[%emt 0:00:02]} 46. g4 {[%emt 0:00:14]} Kd6 {[%emt 0:00:05]} 47. Nf8 {[%emt 0:00:01]} g5 {[%emt 0:00:03]} 48. Ke4 {[%emt 0:00:02]} Bf4 {[%emt 0:00:07]} 49. Kf5 {[%emt 0:00:03]} Ke7 {[%emt 0:00:05]} 50. Nh7 {[%emt 0:00:13]} Kf7 {[%emt 0:00:04]} 51. Nf6 {[%emt 0:00:01]} Bc1 {[%emt 0:00:05]} 52. Ne4 {[%emt 0:00:02]} Kg8 {[%emt 0:00:05]} 53. Kg6 {[%emt 0:00:02]} Kf8 {[%emt 0:00:03]} 54. Nf6 {[%emt 0:00:04]} Bd2 {[%emt 0:00:08]} 55. Nd7+ {[%emt 0:00:03]} Kg8 {[%emt 0:00:04]} 56. Nc5 {[%emt 0:00:06]} Bc1 {[%emt 0:00:05]} 57. Ne6 {[%emt 0:00:02]} Kh8 {[%emt 0:00:02]} 58. Kf7 {[%emt 0:00:05]} Kh7 {[%emt 0:00:04]} 59. Nf8+ {[%emt 0:00:03]} Kh8 {[%emt 0:00:02]} 60. Nd7 {[%emt 0:00:09]} Kh7 {[%emt 0:00:05]} 61. Nf6+ {[%emt 0:00:06]} Kh8 {[%emt 0:00:02]} 62. Ne4 {[%emt 0:00:04]} Kh7 {[%emt 0:00:03]} 63. Nc5 {[%emt 0:00:04]} Kh8 {[%emt 0:00:02]} 64. Nd3 {[%emt 0:00:01]} Bd2 {[%emt 0:00:03]} 65. Kg6 {[%emt 0:00:06]} Kg8 {[%emt 0:00:03]} 66. Ne5 {[%emt 0:00:02]} Kh8 {[%emt 0:00:05]} 67. Nf3 {[%emt 0:00:06]} Bc1 {[%emt 0:00:03]} 68. Nd4 {[%emt 0:00:02]} Kg8 {[%emt 0:00:05]} 69. Ne2 {[%emt 0:00:04]} Be3 {[%emt 0:00:03]} 70. Ng3 {[%emt 0:00:01]} Bc1 {[%emt 0:00:07]} 71. Nf5 {[%emt 0:00:04]} Kh8 {[%emt 0:00:03]} 72. Ne7 {[%emt 0:00:02]} Bd2 {[%emt 0:00:06]} 73. Nf5 {[%emt 0:00:02]} Bc1 {[%emt 0:00:02]} 74. Nh6 {[%emt 0:00:01]} Bd2 {[%emt 0:00:03]} 75. Nf7+ {[%emt 0:00:21]} Kg8 {[%emt 0:00:03]} 76. Nxg5 {[%emt 0:00:04]} Bxg5 {[%emt 0:00:04]} 77. Kxg5 {[%emt 0:00:01]} Kg7 {[%emt 0:00:02]} 78. Kf5 {[%emt 0:00:01]} Kf7 {[%emt 0:00:03]} 79. Kg5 {[%emt 0:00:01]} Kg7 {[%emt 0:00:03]} 80. Kh5 {[%emt 0:00:01]} Kh7 {[%emt 0:00:02]} 81. g5 {[%emt 0:00:01]} Kg7 {[%emt 0:00:02]} 82. g6 {[%emt 0:00:01]} Kg8 {[%emt 0:00:02]} 83. Kh6 {[%emt 0:00:01]} Kh8 {[%emt 0:00:02]} 84. Kg5 {[%emt 0:00:00]} Kg7 {[%emt 0:00:02]} 85. Kf5 {[%emt 0:00:01]} Kg8 {[%emt 0:00:02]} 86. Kf4 {[%emt 0:00:01]} Kg7 {[%emt 0:00:03]} 87. Kg5 {[%emt 0:00:01]} Kg8 {[%emt 0:00:01]} 88. Kf5 {[%emt 0:00:01]} Kg7 {[%emt 0:00:02]} 89. Kg5 {[%emt 0:00:01]} Kg8 {[%emt 0:00:02]} 90. Kf6 {[%emt 0:00:01]} Kf8 {[%emt 0:00:01]} 91. g7+ {[%emt 0:00:01]} Kg8 {[%emt 0:00:03]} 92. Ke6 {[%emt 0:00:02]} Kxg7 {[%emt 0:00:02]} 1/2-1/2

[Event "European Online Club-ch-F 2021"]
[Site "Online"]
[Date "2021.03.27"]
[Round "3.14"]
[White "Karaoglan, Doruk"]
[Black "Ozen, Deniz"]
[Result "1-0"]
[WhiteElo "2230"]
[BlackElo "2397"]
[Annotator "NA"]
[PlyCount "105"]
[EventDate "2021.03.27"]
[EventType "team-tourn"]
[EventCountry "NET"]
[SourceTitle "playchess.com"]
[Source "ChessBase"]
[SourceQuality "1"]
[TimeControl "900+5"]

1. e4 {[%emt 0:00:00]} e5 {[%emt 0:00:05]} 2. Nf3 {[%emt 0:00:28]} Nf6 {[%emt 0:00:01]} 3. Nxe5 {[%emt 0:00:01]} Nxe4 {[%emt 0:00:07]} 4. Qe2 {[%emt 0:00:26]} Qe7 {[%emt 0:00:03]} 5. Qxe4 {[%emt 0:00:04]} d6 {[%emt 0:00:01]} 6. d4 {[%emt 0:00:50]} dxe5 {[%emt 0:00:02]} 7. Qxe5 {[%emt 0:00:36]} Qxe5+ {[%emt 0:00:04]} 8. dxe5 {[%emt 0:00:02]} Bf5 {[%emt 0:00:36]} 9. c3 {[%emt 0:02:26]} Nd7 {[%emt 0:01:02]} 10. Bf4 {[%emt 0:00:03]} O-O-O {[%emt 0:00:08]} 11. Bc4 {[%emt 0:01:32]} Nxe5 {[%emt 0:01:16]} 12. Bxe5 {[%emt 0:00:06]} Re8 {[%emt 0:00:01]} 13. O-O {[%emt 0:00:48]} Rxe5 {[%emt 0:00:03]} 14. Bxf7 {[%emt 0:00:02]} Bd3 {[%emt 0:01:36]} 15. Rd1 {[%emt 0:01:02]} Bc5 {[%emt 0:00:50]} 16. Nd2 {[%emt 0:04:51]} Re2 {[%emt 0:02:00]} 17. Nf3 {[%emt 0:00:09]} Bxf2+ {[%emt 0:01:56]} 18. Kh1 {[%emt 0:00:02]} Be4 {[%emt 0:00:24]} 19. b4 {[%emt 0:02:05]} c6 {[%emt 0:01:34]} 20. Ng5 {[%emt 0:00:54]} Bc2 {[%emt 0:00:30]} 21. Rf1 {[%emt 0:00:05]} Bh4 {[%emt 0:03:22]} 22. Bc4 {[%emt 0:00:07]} Re3 {[%emt 0:00:57]} 23. Nf7 {[%emt 0:00:02]} Rhe8 {[%emt 0:00:10]} 24. Nd6+ {[%emt 0:00:01]} Kc7 {[%emt 0:00:00]} 25. Nxe8+ {[%emt 0:00:02]} Rxe8 {[%emt 0:00:01]} 26. Rf7+ {[%emt 0:00:11]} Kb6 {[%emt 0:00:04]} 27. a4 {[%emt 0:00:03]} a6 {[%emt 0:00:05]} 28. a5+ {[%emt 0:00:12]} Ka7 {[%emt 0:00:01]} 29. Rd7 {[%emt 0:00:01]} Bf6 {[%emt 0:00:04]} 30. Rf1 {[%emt 0:00:06]} Re3 {[%emt 0:00:10]} 31. Rf3 {[%emt 0:00:09]} Re1+ {[%emt 0:00:04]} 32. Rf1 {[%emt 0:00:01]} Re3 {[%emt 0:00:05]} 33. Rf3 {[%emt 0:00:07]} Re1+ {[%emt 0:00:01]} 34. Bf1 {[%emt 0:00:01]} Bd1 {[%emt 0:00:12]} 35. Rf2 {[%emt 0:00:05]} Bb3 {[%emt 0:00:12]} 36. Kg1 {[%emt 0:00:03]} Bc4 {[%emt 0:00:06]} 37. Rf4 {[%emt 0:00:11]} Bb3 {[%emt 0:00:05]} 38. Kf2 {[%emt 0:00:09]} Rc1 {[%emt 0:00:01]} 39. c4 {[%emt 0:00:06]} Rc2+ {[%emt 0:00:06]} 40. Be2 {[%emt 0:00:03]} Rb2 {[%emt 0:00:00]} 41. g4 {[%emt 0:00:04]} h6 {[%emt 0:00:08]} 42. Kf3 {[%emt 0:00:07]} Ba4 {[%emt 0:00:05]} 43. h4 {[%emt 0:00:02]} Rxb4 {[%emt 0:00:03]} 44. g5 {[%emt 0:00:01]} hxg5 {[%emt 0:00:01]} 45. hxg5 {[%emt 0:00:01]} Bxg5 {[%emt 0:00:02]} 46. Rff7 {[%emt 0:00:02]} c5 {[%emt 0:00:03]} 47. Rc7 {[%emt 0:00:02]} Bd8 {[%emt 0:00:02]} 48. Rc8 {[%emt 0:00:03]} Bxa5 {[%emt 0:00:02]} 49. Rxc5 {[%emt 0:00:04]} Bb6 {[%emt 0:00:05]} 50. Rc8 {[%emt 0:00:01]} Rb3+ {[%emt 0:00:04]} 51. Kg4 {[%emt 0:00:19]} Rb1 {[%emt 0:00:17]} 52. Bf3 {[%emt 0:00:02]} Bd1 {[%emt 0:00:03]} 53. Rxb7# {[%emt 0:00:03]} 1-0

[Event "European Online Club-ch-F 2021"]
[Site "Online"]
[Date "2021.03.27"]
[Round "3.15"]
[White "Ozen, Bahadir"]
[Black "Ozturk, Efe Hakan"]
[Result "1-0"]
[WhiteElo "2369"]
[BlackElo "2030"]
[Annotator "NA"]
[PlyCount "89"]
[EventDate "2021.03.27"]
[EventType "team-tourn"]
[EventCountry "NET"]
[SourceTitle "playchess.com"]
[Source "ChessBase"]
[SourceQuality "1"]
[TimeControl "900+5"]

1. g3 {[%emt 0:00:00]} Nf6 {[%emt 0:00:06]} 2. Bg2 {[%emt 0:00:02]} e6 {[%emt 0:00:19]} 3. d3 {[%emt 0:00:15]} d5 {[%emt 0:00:05]} 4. Nf3 {[%emt 0:00:11]} Be7 {[%emt 0:00:53]} 5. O-O {[%emt 0:00:04]} O-O {[%emt 0:00:02]} 6. Nbd2 {[%emt 0:00:16]} c5 {[%emt 0:00:18]} 7. e4 {[%emt 0:00:03]} Nc6 {[%emt 0:00:28]} 8. Re1 {[%emt 0:00:02]} b5 {[%emt 0:01:10]} 9. e5 {[%emt 0:00:28]} Nd7 {[%emt 0:00:03]} 10. Nf1 {[%emt 0:00:02]} Qc7 {[%emt 0:00:09]} 11. Bf4 {[%emt 0:00:04]} Bb7 {[%emt 0:00:09]} 12. h4 {[%emt 0:00:06]} a5 {[%emt 0:01:03]} 13. h5 {[%emt 0:00:02]} a4 {[%emt 0:00:56]} 14. Ne3 {[%emt 0:00:06]} a3 {[%emt 0:00:30]} 15. b3 {[%emt 0:00:31]} d4 {[%emt 0:00:47]} 16. Ng4 {[%emt 0:00:40]} Nb4 {[%emt 0:00:17]} 17. h6 {[%emt 0:00:09]} g6 {[%emt 0:00:09]} 18. Qd2 {[%emt 0:00:03]} Nd5 {[%emt 0:00:13]} 19. Bg5 {[%emt 0:00:04]} Qd8 {[%emt 0:00:57]} 20. Bxe7 {[%emt 0:00:05]} Qxe7 {[%emt 0:00:17]} 21. Ng5 {[%emt 0:00:03]} c4 {[%emt 0:00:48]} 22. dxc4 {[%emt 0:00:21]} bxc4 {[%emt 0:00:05]} 23. bxc4 {[%emt 0:00:02]} Ne3 {[%emt 0:01:00]} 24. Bxb7 {[%emt 0:00:31]} Qxg5 {[%emt 0:00:16]} 25. Nh2 {[%emt 0:03:56]} Rab8 {[%emt 0:01:25]} 26. Bg2 {[%emt 0:00:16]} Nxe5 {[%emt 0:01:05]} 27. fxe3 {[%emt 0:00:05]} d3 {[%emt 0:00:39]} 28. Rab1 {[%emt 0:00:43]} Rxb1 {[%emt 0:00:41]} 29. Rxb1 {[%emt 0:00:02]} dxc2 {[%emt 0:00:03]} 30. Qxc2 {[%emt 0:00:08]} Qxe3+ {[%emt 0:00:04]} 31. Qf2 {[%emt 0:00:05]} Qxh6 {[%emt 0:00:10]} 32. c5 {[%emt 0:00:55]} Rc8 {[%emt 0:00:19]} 33. c6 {[%emt 0:00:19]} Qxh2+ {[%emt 0:01:33]} 34. Kxh2 {[%emt 0:00:03]} Ng4+ {[%emt 0:00:02]} 35. Kg1 {[%emt 0:00:01]} Nxf2 {[%emt 0:00:01]} 36. Kxf2 {[%emt 0:00:02]} Kf8 {[%emt 0:00:01]} 37. Rb7 {[%emt 0:00:05]} h6 {[%emt 0:00:14]} 38. Ke3 {[%emt 0:00:02]} f5 {[%emt 0:00:10]} 39. Kf4 {[%emt 0:00:03]} g5+ {[%emt 0:00:35]} 40. Ke5 {[%emt 0:00:02]} f4 {[%emt 0:00:03]} 41. gxf4 {[%emt 0:00:02]} gxf4 {[%emt 0:00:01]} 42. Kxf4 {[%emt 0:00:03]} h5 {[%emt 0:00:12]} 43. Ke5 {[%emt 0:00:02]} h4 {[%emt 0:00:02]} 44. Kd6 {[%emt 0:00:13]} h3 {[%emt 0:00:04]} 45. Bxh3 {[%emt 0:00:02]} 1-0

[Event "European Online Club-ch-F 2021"]
[Site "Online"]
[Date "2021.03.27"]
[Round "3.16"]
[White "Camlar, Arda"]
[Black "Kamer, Kayra"]
[Result "1/2-1/2"]
[WhiteElo "1934"]
[BlackElo "2339"]
[Annotator "NA"]
[PlyCount "119"]
[EventDate "2021.03.27"]
[EventType "team-tourn"]
[EventCountry "NET"]
[SourceTitle "playchess.com"]
[Source "ChessBase"]
[SourceQuality "1"]
[TimeControl "900+5"]

1. g3 {[%emt 0:00:00]} g6 {[%emt 0:00:14]} 2. Bg2 {[%emt 0:00:02]} Bg7 {[%emt 0:00:06]} 3. Nf3 {[%emt 0:00:02]} Nf6 {[%emt 0:00:01]} 4. O-O {[%emt 0:00:03]} O-O {[%emt 0:00:04]} 5. c4 {[%emt 0:00:03]} c6 {[%emt 0:00:06]} 6. Nc3 {[%emt 0:00:15]} d6 {[%emt 0:00:09]} 7. d4 {[%emt 0:00:03]} Qa5 {[%emt 0:00:03]} 8. Bd2 {[%emt 0:00:25]} Qh5 {[%emt 0:00:41]} 9. e4 {[%emt 0:00:34]} Bg4 {[%emt 0:00:05]} 10. Qe2 {[%emt 0:00:43]} Nbd7 {[%emt 0:00:22]} 11. Qe3 {[%emt 0:00:20]} e5 {[%emt 0:00:40]} 12. d5 {[%emt 0:00:34]} cxd5 {[%emt 0:00:05]} 13. cxd5 {[%emt 0:00:19]} Nb6 {[%emt 0:00:31]} 14. b3 {[%emt 0:00:20]} Nfd7 {[%emt 0:00:40]} 15. Ng5 {[%emt 0:02:13]} h6 {[%emt 0:00:50]} 16. h3 {[%emt 0:00:28]} Qxg5 {[%emt 0:01:31]} 17. Qxg5 {[%emt 0:00:07]} hxg5 {[%emt 0:00:01]} 18. hxg4 {[%emt 0:00:01]} Bf6 {[%emt 0:00:04]} 19. Be3 {[%emt 0:00:14]} Rfc8 {[%emt 0:00:19]} 20. Rfc1 {[%emt 0:00:11]} Be7 {[%emt 0:00:14]} 21. Bf1 {[%emt 0:00:11]} Nc5 {[%emt 0:01:04]} 22. f3 {[%emt 0:00:47]} Kf8 {[%emt 0:00:20]} 23. Rc2 {[%emt 0:00:57]} Na6 {[%emt 0:00:19]} 24. Bxa6 {[%emt 0:00:33]} bxa6 {[%emt 0:00:03]} 25. Rac1 {[%emt 0:00:06]} Bd8 {[%emt 0:00:19]} 26. Kf2 {[%emt 0:00:51]} Rc7 {[%emt 0:00:19]} 27. Nb1 {[%emt 0:00:27]} Rxc2+ {[%emt 0:00:36]} 28. Rxc2 {[%emt 0:00:02]} f6 {[%emt 0:00:01]} 29. Rc6 {[%emt 0:00:17]} Ke7 {[%emt 0:00:17]} 30. Nd2 {[%emt 0:00:14]} Rc8 {[%emt 0:00:53]} 31. Rxc8 {[%emt 0:02:51]} Nxc8 {[%emt 0:00:03]} 32. Nc4 {[%emt 0:00:03]} Kd7 {[%emt 0:00:21]} 33. Ke2 {[%emt 0:00:02]} Nb6 {[%emt 0:00:06]} 34. Kd3 {[%emt 0:00:06]} Nxc4 {[%emt 0:01:01]} 35. bxc4 {[%emt 0:00:03]} Bb6 {[%emt 0:00:06]} 36. c5 {[%emt 0:00:02]} dxc5 {[%emt 0:01:15]} 37. Kc4 {[%emt 0:00:03]} Kd6 {[%emt 0:00:12]} 38. a3 {[%emt 0:00:56]} Kd7 {[%emt 0:03:31]} 39. Bxc5 {[%emt 0:00:02]} Ke8 {[%emt 0:00:02]} 40. d6 {[%emt 0:02:12]} Ba5 {[%emt 0:00:40]} 41. Kd5 {[%emt 0:00:03]} Kd7 {[%emt 0:00:03]} 42. Bxa7 {[%emt 0:00:09]} Be1 {[%emt 0:00:01]} 43. Bc5 {[%emt 0:00:07]} Bxg3 {[%emt 0:00:02]} 44. Bb4 {[%emt 0:00:23]} Bf2 {[%emt 0:00:02]} 45. a4 {[%emt 0:00:08]} Be3 {[%emt 0:00:09]} 46. Bc5 {[%emt 0:00:03]} Bd2 {[%emt 0:00:02]} 47. Bf2 {[%emt 0:00:03]} Bb4 {[%emt 0:00:05]} 48. Bc5 {[%emt 0:00:04]} Bd2 {[%emt 0:00:03]} 49. Kc4 {[%emt 0:00:03]} Kc6 {[%emt 0:00:08]} 50. Bb4 {[%emt 0:00:06]} Be3 {[%emt 0:00:03]} 51. d7 {[%emt 0:00:09]} Kxd7 {[%emt 0:00:04]} 52. Kd5 {[%emt 0:00:01]} Bf2 {[%emt 0:00:06]} 53. Bc5 {[%emt 0:00:02]} Be1 {[%emt 0:00:07]} 54. Be3 {[%emt 0:00:02]} Bb4 {[%emt 0:00:09]} 55. Kc4 {[%emt 0:00:06]} Be7 {[%emt 0:00:03]} 56. Bc5 {[%emt 0:00:05]} Bd8 {[%emt 0:00:02]} 57. Kd5 {[%emt 0:00:02]} Ba5 {[%emt 0:00:06]} 58. Ba3 {[%emt 0:00:01]} Bd8 {[%emt 0:00:04]} 59. Bc1 {[%emt 0:00:04]} Be7 {[%emt 0:00:07]} 60. Be3 {[%emt 0:00:05]} 1/2-1/2